000 00338 a2200109 4500
001 ART_48523
005 20260410162033.0
008 260409a
245 1 0 _aEstaciones de servicio. CCT 418/2005. Provincia del Chaco
100 1 _aGodoy, Laura M.
773 0 _tLiquidación de sueldos
_g- N° 154 (mar. 2019)
_wREV44399
999 _c34149
_d34149